Регионална библиотека "Любен Каравелов" - Русе

Обучението на оратора / Квинтилиан (Запис номер 185568)

MARC детайли
000 -Лидер
Контролно поле с фиксирана дължина 01716nam a2200337 c 4500
003 - Код на организацията, давaща контролен номер
Контролно поле BLK
005 - Дата и час на последна редакция
Контролно поле 20250603155304.0
008 - Елементи от данни с фиксирана дължина
fixed length control field 180411b bul|||||r ||||||| ||bul||
010 ## - Наследен системен номер
LC control number KNG00194562000
040 ## - Източник на каталожния запис
Идентификатор на билиотеката - собственик на записа BLK
041 ## - Код за език
Код за езика на текст/звукозапис или на отделно заглавие Български
Код за езика КДБФ Български
080 ## - УДК
Текстов определител УДК Ораторско изкуство. Красноречие. Дебати. Публични дискусии. Психология на слушателя
УДК код - определител по УДК 808.51
УДК определител
УДК - код + определител 808.51
100 1# - Редна дума - Автор
Автор Квинтилиан, Марк Фабий
Авторска отговорност първи автор
R(LIN) 77934
139 ## - Редно поле
Редна дума Квинтилиан, Марк Фабий
Авторски знак Ква - К 49
245 10 - Сведения за заглавието
Заглавие Обучението на оратора / Квинтилиан
Редно поле (дума) Марк Фабий Квинтилиан; прев. от лат. Макарий Стоянов Порталски; уводна статия от Богдан Иванов Богданов.
257 ## - Страна на издаване
Страна на създаване/издаване Древен Рим
260 ## - Област на издателските данни
-- София
Име на издателя, разпространителя и проч. Наука и изкуство
Година на издаване 1982
300 ## - Физическа характеристика
Страници 792 с.
Размери/Мащаб 21 см
380 ## - Жанр
Жанр Литературознание
490 1# - СЕРИИ (Колекции)
Име на серия Библиотека Естетика и изкуствознание
500 ## - Общи забележки
Забележка Ориг. загл. Institutio oratoria. - 3 633 тир. - Именен показалец.
650 #4 - Допълнително описание по предмет – тема
Основно описание – тема или топоним Ораторско изкуство
9 (RLIN) 241886
700 1# - Други автори (авторска отговорност)
Лично име Порталски, Макарий Стоянов
Автороска отговорност (Описва отношението между автора и произведението) прев. от лат.
9 (RLIN) 343850
700 ## - Други автори (авторска отговорност)
Лично име Богданов, Богдан Иванов
Дати, свързани с автора 1940 - 2016
Друга информация Филолог. Преводач от старогръцки език.
9 (RLIN) 363777
852 ## - Местоположение
Форматна сигнатура Цб 112424
856 4# - Електронен адрес и достъп
Електронен формат pdf - файл
Път до файла /url/
856 4# - Електронен адрес и достъп
Електронен формат pdf - файл
Път до файла /url/
942 ## - АРТИКУЛИ
Вид на библиотечния материал Книги
Скрит в OPAC Не
Koha issues (borrowed), all copies 1
944 ## - СЪЗДАВАНЕ И РЕДАКЦИЯ на ЗАПИСА
Създаване/Редакция Създаване
Дата на регистрацията/редакция 26.10.2016
Служител, извършил регистрацията/редакцията 30560
Статус, дата на статуса Геновева Генчева
944 ## - СЪЗДАВАНЕ И РЕДАКЦИЯ на ЗАПИСА
Създаване/Редакция Редакция
Дата на регистрацията/редакция 26.10.2016
Служител, извършил регистрацията/редакцията Кети_Илиева
999 ## - СИСТЕМНИ КОНТРОЛНИ НОМЕРА
Koha biblionumber 185568
Koha biblioitemnumber 185568
Наличности
Код за отписване Код за изгубен артикул Източник на класификационната схема Код за повреда Коз за рестрикции Код за отдаване Артикулен № Име на библиотеката - собственик Име на библиотеката, в която се намира в момента Статус (Текущо местоположение) Дата на вписване в системата Местоположение - отдел Цена в лева Инвентарен номер Систематично азбучна сигнатура Баркод Номер на екземпляра Цена в евро Служебна бележка Служебен тип на артикула
  Не е изгубен Universal Decimal Classification Не е повреден само за читалня ползва се в читалня 321833 Регионална библиотека "Любен Каравелов" Русе Регионална библиотека "Любен Каравелов" Русе Хранилище 1982-01-01 Хранилище 6.47 342775 Цб 112424 120000342775 1 3.31 Вид: Сф Дата: 01.01.1982 Книги
Изтеглен Не е изгубен Universal Decimal Classification Не е повреден без рестрикции заемане за дома 321834 Регионална библиотека "Любен Каравелов" Русе Регионална библиотека "Любен Каравелов" Русе Заемна - подръчен фонд 1982-01-01 Заемна - подръчен фонд 6.47 343280 82.01/.09/К 49 343280 2 3.31 Вид: Сф Дата: 01.01.1982 Дата инв: 19.02.2018 Бележки инв: П2018 Книги
Изтеглен Не е изгубен Universal Decimal Classification Не е повреден без рестрикции заемане за дома 321835 Регионална библиотека "Любен Каравелов" Русе Регионална библиотека "Любен Каравелов" Русе Заемна - подръчен фонд 1982-01-01 Заемна - подръчен фонд 6.47 343282 82.01/.09/К 47 343282 3 3.31 Вид: Сф Дата: 01.01.1982 Книги
  Не е изгубен Universal Decimal Classification Не е повреден без рестрикции заемане за дома 321836 Регионална библиотека "Любен Каравелов" Русе Регионална библиотека "Любен Каравелов" Русе Заемна - подръчен фонд 1982-01-01 Заемна - подръчен фонд 6.00 641827 82.01/.09/К 49 120000641827 4 3.07 Вид: Сф Дата: 01.01.1982 Дата инв: 08.02.2018 Бележки инв: П2018 Книги
Vip Innovations Ltd, Rousse, Bulgaria 2025